000 00700nas a2200229 4500
001 BR9502632
003 BR-BrBNA
005 20231205094334.0
007 ta
008 230509b bl.|||p| |||| 00| 00por d
040 _aBR-BrBNA
_bpor
_cBiblioteca Nacional de Agricultura
041 _a(Pt)
072 _aQ04
100 1 _aLeitao, R.F.
245 1 _aCaracteristicas fisico-quimicas das pastas alimenticias
650 _aMassa
650 _aValor Nutritivo
650 _aComposicao Quimica
773 0 _tBoletim do Centro Tropical de Pesquisas e Tecnologia de Alimentos (Brazil)
_x
_g(Dec 1967), no. 15 p. 33-42
_wBR9502632
909 _a202311
_bLúcia
_c55
_dLúcia Elande
942 _2AGRIS
_n0
_cANA
999 _c143669
_d143669